000 00503nam a2200181Ia 4500
003 GCL
008 140319s9999 xx 000 0 eng d
040 _aGCL /
_cGCL
082 0 4 _a780.92
_bG W
100 1 _aGREY, THOMAS S.
245 1 0 _aWAGNER'S MUSICAL PROSE: TEXTS AND CONTEXTS /
_cGREY, THOMAS S.
260 _a[S.N] :
_bCAMBRIDGE UNIVERSITY PRESS ،
_c1995
300 _a397 P
650 0 4 _aOPERA
650 0 4 _aWAGNER, RICHARD 1813 - 1883
650 0 4 _aMUSIC - 19TH CENTURY
942 _2ddc
_cBK
999 _c12630
_d12630